000 00794nam a2200217Ia 4500
003 GCL
008 140319s9999 xx 000 0 ara d
020 _a4033314977
040 _aGCL /
_cGCL
082 0 4 _aق
_b962.16
_bس م
100 1 _aسعيد ناصف
245 1 0 _aالمدينة الاسلامية :
_bدراسة فى نشاة التحضر /
_cسعيد ناصف
260 _aالقاهرة :
_bمكتبة زهراء الشرق ،
_c1999
300 _a272 ص ؛
_c24 سم
650 0 4 _aالحضارة الاسلامية
650 0 4 _aالقاهرة - تاريخ
650 0 4 _aالقاهرة - الاحوال الاجتماعية
650 0 4 _aالقاهرة - الاحوال السياسية
650 0 4 _aالقاهرة - الاحوال الاقتصادية
942 _2ddc
_cBK
999 _c8246
_d8246